000 00642nam a2200229Ia 4500
003 OSt
005 20220926001128.0
006 a|||||r|||| 00| 0
007 ta
008 220923b |||||||| |||| 00| 0 eng d
037 _cGeneral Book
040 _aRTL
_cRTL
_beng
041 _2eng
_aeng
082 _aW,32m2,N66, K6.52
110 _aINDIA, LOK SABHA
_998267
245 0 _aLok sabha debates
_b 14th Session.v.52
260 _a New Delhi
_bLok Sabha Secretariat
300 _a6917-8596p
_ccm.
700 _aINDIA, LOK SABHA
_998268
942 _hW,32m2,N66, K6.52
_cGB
_2CC
999 _c600613
_d600613